00780 2200229 4500001002100000005001700021008004100038035002500079040001200104082001200116084001700128100002400145245016000169260005100329300003200380500005800412504002500470650001300495700001200508850001200520990001800532INLIS00000000001079620150820114922.0  a0010-081500000002234 aYOPDYOG 223a628 aSK 628 Dia U aDIAH Ratna Eka Wati aUpaya peningkatan sanitasi makanan terhadap pencegahan pencemaran mikroba pada makanan jajanan di Wilayah PuskesmasNgaglik II Sleman, Yogyakartac/ MARYOTO aYogyakartabAkademi kesehatan Lingkunganc2000 aviii, 48 lembarc; 29,5 cm. aKarya Tulis Ilmiyah Program DIII Kesehatan Lingkungan aBibliografi: hlm. 48 aSanitasi aMARTOYO aYOPDYOG a48691-PD/A.15